Statistiques concernant Trouve les paroles - Allumer le feu - Johnny Hallyday

Cliquez ici pour prendre le quiz!

Statistiques générales

  • Ce quiz a été pris 100 fois
  • Le résultat moyen est 216 sur 262

Statistiques - réponses

Réponse% Correct
à
100%
le
100%
Allumer
99%
feu
99%
dans
96%
et
96%
Et
96%
de
95%
Il
95%
les
95%
pour
93%
Pour
93%
étincelle
92%
rien
92%
suffira
92%
D'un
91%
d'un
91%
d'une
91%
la
89%
sa
89%
flamme
85%
danser
84%
dieux
82%
voir
82%
yeux
82%
faire
81%
des
80%
sauvage
80%
vos
80%
cage
79%
l'état
79%
qui
79%
temps
79%
d'amour
78%
geste
78%
mot
78%
Revenir
78%
l'orage
76%
loup
76%
se
76%
Se
76%
Sortir
76%
diables
74%
Tourner
74%
Nos
73%
nos
73%
déchaîne
67%
vent
67%
démarrent
66%
motos
66%
bruit
65%
grandir
65%
son
65%
veines
65%
sang
63%
Sentir
63%
guitares
62%
lion
59%
en
57%
Oui
57%
barrages
56%
Battre
55%
Je
51%
peu
51%
contact
49%
chaînes
47%
l'arène
46%
Monter
46%
portes
46%
libérer
44%
Forcer
43%
problèmes
41%
veux
41%
délire
40%
foule
40%
guerre
35%
Oh
34%
peines
34%
haches
33%
jour
33%
toutes
33%
Lâcher
32%
foudre
31%
l'éclair
31%
rires
31%
tonnerre
31%
fête
26%
Laisser
26%
derrière
24%
L'odeur
23%
poudre
21%

Distribution des résultats

Percentile par nombre de réponses

% des personnes avec chaque résultat

Votre développement - résultats

Vous n’avez pas pris ce quiz